|
|
|
|
| LEADER |
00000nam a2200000 a 4500 |
| 001 |
vtls001322892 |
| 003 |
SK-MaSNL |
| 005 |
20260302033222.0 |
| 008 |
240226s1730 xo a lat |
| 015 |
|
|
|a SNBHFA1730
|
| 035 |
|
|
|a urn:nbn:sk:snk-am00ff87
|
| 035 |
|
|
|a urn:nbn:sk:snk-am3irmm
|
| 035 |
|
|
|a A905E30C-76EC-4200-AF47-1E55B371B379
|
| 040 |
|
|
|a SNK
|b slo
|c SNK
|e AACR2
|
| 041 |
0 |
|
|a lat
|
| 044 |
|
|
|a xo
|c SK
|
| 072 |
|
7 |
|a 2
|x Náboženstvo
|2 konspekt
|
| 080 |
|
|
|a 27-55
|2 2011
|
| 100 |
1 |
|
|a Hertzig, Franciscus,
|d 1674-1732
|4 aut
|9 289560
|
| 245 |
1 |
0 |
|a Manuale Confessarii, Seu Methodus Compendiosa
|b Munus Confessarij rite obeundi, utilitati praesertim ad id pié se disponentium elucubrata ; Ab Alma ac Venerabili sodalitate sub Titulo Beatae virginis Mariae Purificatae In Collegio Gen. Cler. Regni Ungariae erecta & confirmata In Strenam oblatum. Anno a partu Virginis M.DCC.XXX.
|n Pars Prima
|c A P. Francisco Hertzig, Societatis Jesu
|
| 260 |
|
|
|a Tyrnaviae
|b Typis Academicis, per Fridericum Gall
|c 1730
|
| 300 |
|
|
|a [18], 173, [15] s.
|c 13 cm
|
| 500 |
|
|
|a Vlys s kartušou. Vineta. Ozdobné linky. Ozdobná iniciála. Zlatá oriezka. Zložky. Kustody
|
| 501 |
|
|
|a Prív. 1.: HERTZIG, Franciscus. Manuale Confessarii. Wratislaviae : Typis Acad.emicis Collegii Societatis Jesu, 1729.
|5 SNK SE 2067/1-2
|
| 504 |
|
|
|a Živé záhlavie. Úvod. Register
|
| 508 |
|
|
|a Venovanie mecenášovi Františkovi Zičimu
|
| 610 |
2 |
7 |
|a Rímskokatolícka cirkev
|2 SNKKA
|9 32394
|
| 650 |
0 |
7 |
|a sviatosti
|2 SNKPH
|9 755
|
| 655 |
|
7 |
|a výklady
|2 SNKPH
|9 29178
|
| 700 |
1 |
|
|a Gall, Fridrich Anton,
|d činný 18. storočie
|4 bkp
|9 168309
|
| 700 |
1 |
|
|a Ziči, František,
|d 1701-1783
|4 pat
|4 dte
|9 443526
|
| 710 |
2 |
|
|a Akademická tlačiareň (Trnava, Slovensko)
|4 prt
|9 232890
|
| 752 |
|
|
|a Slovensko
|d Trnava
|
| 958 |
|
|
|a ONDV
|
| 999 |
|
|
|c 1060721
|d 1062651
|
| 952 |
|
|
|t P60, <03>, [BOOK], {603}
|a SNK
|b SNK
|y PREZ
|7 0
|p 17A0099649
|o snkSE 2067/1-2
|i snkKSF 5810/57
|8 5
|0 0
|1 0
|4 0
|d 1998-03-02
|f 1
|l 0
|r 2005-01-02 00:00:00
|w 2026-02-24
|